NLSUI OPAC header image

Panchayat raj system and development planning : (Record no. 112392)

MARC details
000 -LEADER
fixed length control field 01014nam a22002057a 4500
003 - CONTROL NUMBER IDENTIFIER
control field OSt
005 - DATE AND TIME OF LATEST TRANSACTION
control field 20260213052407.0
008 - FIXED-LENGTH DATA ELEMENTS--GENERAL INFORMATION
fixed length control field 181220b2008 ||||| |||| 00| 0 eng
020 ## - INTERNATIONAL STANDARD BOOK NUMBER
International Standard Book Number 9788131601693
040 ## - CATALOGING SOURCE
Transcribing agency PB
082 ## - DEWEY DECIMAL CLASSIFICATION NUMBER
Classification number 320.8 CHH
100 ## - MAIN ENTRY--PERSONAL NAME
Personal name Chhetri, Hriprasad
245 ## - TITLE STATEMENT
Title Panchayat raj system and development planning :
Remainder of title the case of Sikkim /
Statement of responsibility, etc. Hariprasad Chhetri
260 ## - PUBLICATION, DISTRIBUTION, ETC.
Place of publication, distribution, etc. Jaipur :
Name of publisher, distributor, etc. Rawat Publications,
Date of publication, distribution, etc. 2008.
300 ## - PHYSICAL DESCRIPTION
Extent 316 p. ;
Dimensions 23 cm.
505 ## - FORMATTED CONTENTS NOTE
Formatted contents note 1 Introduction<br/>2 Panchayati Raj Institutions in Sikkim<br/>3 Gram Sabha Members' Perception of Panchayati Raj<br/>4 Elected Representatives and Panchayat Officials:<br/>Background and Views<br/>5 Major Findings, Conclusions and Recommendations<br/>Appendix - A: The Constitution (73rd Amendment) Act, 1992<br/>Appendix - B: The Sikkim Panchayat Act, 1993 (Act No. 6 of 1993)<br/>Appendix - C: The Sikkim Panchayat (Amendment) Act, 1995<br/>(Act No. 10 of 1995) 195<br/>
650 ## - SUBJECT ADDED ENTRY--TOPICAL TERM
Topical term or geographic name entry element Panchayat raj
650 ## - SUBJECT ADDED ENTRY--TOPICAL TERM
Topical term or geographic name entry element Panchayati raj institutions
942 ## - ADDED ENTRY ELEMENTS (KOHA)
Source of classification or shelving scheme Dewey Decimal Classification
Koha item type BOOKs
Holdings
Withdrawn status Lost status Source of classification or shelving scheme Materials specified (bound volume or other part) Damaged status Not for loan Home library Current library Shelving location Date acquired Source of acquisition Cost, normal purchase price Total Checkouts Full call number Barcode Date last seen Price effective from Koha item type
    Dewey Decimal Classification HB     . .   20.12.2017 Purchased 725.00   320.8 CHH 35758 20.12.2018 20.12.2018 BOOKs